1945 1857 1844 1961 1173 1017 1969 1806 1401 1661 1307 1931 1413 1686 1247 1533 1651 1993 1792 1291 1676 1650 1816 1309 1798 1467 1107 1991 1050 1853 1102 1490 1776 1248 1435 1532 1849 1755 1638 1882 1035 1540 1747 1663 1207 1095 1901 1063 1067 1243 1852 1614 1958 1365 1434 1030 1595 1612 1102 1139 1790 1619 1820 1366 1995 1391 1385 1546 1374 1938 1157 1277 1539 1094 1163 1951 1468 1643 1252 1176 1619 1092 1573 1346 1549 1756 1252 1459 1922 1432 1787 1036 1953 1544 1688 1451 1288 1311 1181 BCNSPRNW ULIB Ver.6.0+V

เปลี่ยนเป็นภาษาไทย

Change to English
 แสดงรายละเอียดบรรณานุกรม
  กลับหน้าหลัก

Brief Record : Get Marc (ISO 2709) : E-mail record : QR code < ปิดหน้าต่าง
LEADER : 00000nam 2200000uu 4500
001    13399108778
003     ULIB
008    110314s2543||||th 000 0 tha d
020    9742826722
060  4 W50^bก527ก
100 0  พระโพธิ์ จันทสโร
245 00 การให้ผู้ป่วยที่สิ้นหวังตายอย่างสงบ /^cพระอาจารย์ โพธิ์จันทสโร
260    กรุงเทพฯ :^bวิญญูชน,^c2543
300    133 หน้า :^bภาพประกอบ.
500    งานสัมมนาวิชาการ ศาสตราจารย์จิตติ ติงศภัทิย์
650  7 การุณยฆาต
650  7 การตาย^xแง่การแพทย์
650  7 ผู้ป่วย^xการดูแล
650  7 ทัศนคติต่อการตาย
945    ^p85^l0^i013827
945    ^p85^l0^i013828
945    ^p85^l0^i013826
995    ทศพร
999 ^a ใช้งานได้ทุกระบบ
รายการนี้ยังไม่มีแท็ก
คุณยังไม่ได้ล็อกอิน คุณสามารถมีกิจกรรมร่วมกับเว็บไซต์ได้ แต่ต้องล็อกอินก่อน ::
  ล็อกอิน

รายการสื่อสารสนเทศ

ลำดับที่ ประเภท เลขเรียก/บาร์โค้ด สถานที่ สถานะ
- ไม่พบข้อมูล -

รายการใกล้เคียง
    หัวเรื่อง [ผู้ป่วย การดูแล]
    หัวเรื่อง [ทัศนคติต่อการตาย]

BibComment


ยังไม่เคยถูกคอมเมนท์

คอมเมนท์ทรัพยากรรายการนี้
  คอมเมนท์: การให้ผู้ป่วยที่ส..


 Copyright 2026. Bcnsprnw @Library